[Event "Figueres Mas op-B 23rd"]
[Site "Figueres"]
[Date "2022.08.13"]
[Round "3"]
[White "Gonzalez Falgas, Alberto"]
[Black "Torrent Lagresa, Josep M"]
[Result "0-1"]
[WhiteElo "1443"]
[BlackElo "1590"]
[PlyCount "72"]
[EventDate "2022.08.11"]
[EventType "swiss"]
[EventRounds "9"]
[EventCountry "ESP"]
[SourceTitle "EXT 2023"]
[Source "ChessBase"]
[SourceDate "2022.10.05"]
[SourceVersion "1"]
[SourceVersionDate "2022.10.05"]
[SourceQuality "1"]

1. e4 e5 2. Nf3 Nc6 3. d4 exd4 4. Nxd4 Bc5 5. Be3 Bb6 6. Bc4 Nge7 7. Nc3 0-0 8. 0-0 d6 9. a3 Nxd4 10. Bxd4 Bxd4 11. Qxd4 Nc6 12. Qd2 Be6 13. Be2 Qe7 14. Rad1 Rad8 15. Qc1 a6 16. Kh1 Qh4 17. f4 f5 18. Bd3 Rf6 19. Rf3 fxe4 20. Nxe4 Rh6 21. h3 Bg4 22. Rg3 Bxd1 23. Qxd1 d5 24. Rg4 Qe7 25. Ng5 Re8 26. Qf3 Qd7 27. Kh2 Nd4 28. Qd1 c5 29. c3 Nf5 30. Qc2 Ne3 31. Bxh7+ Kh8 32. Qb1 Nxg4+ 33. Kg3 Re3+ 34. Nf3 Rxh7 35. hxg4 Qe7 36. Qf5 Qh4# 0-1

[Event "Figueres Mas op-B 23rd"]
[Site "Figueres"]
[Date "2022.08.11"]
[Round "1"]
[White "Gonzalez Falgas, Alberto"]
[Black "Pau Ferrer, Quirze"]
[Result "0-1"]
[WhiteElo "1443"]
[BlackElo "1212"]
[PlyCount "50"]
[EventDate "2022.08.11"]
[EventType "swiss"]
[EventRounds "9"]
[EventCountry "ESP"]
[SourceTitle "EXT 2023"]
[Source "ChessBase"]
[SourceDate "2022.10.05"]
[SourceVersion "1"]
[SourceVersionDate "2022.10.05"]
[SourceQuality "1"]

1. e4 e5 2. Nf3 Nc6 3. d4 exd4 4. Nxd4 Nf6 5. Nxc6 bxc6 6. Bc4 Bc5 7. Nc3 d6 8. 0-0 0-0 9. Bg5 h6 10. Bh4 Rb8 11. Bb3 Rb4 12. a3 Rd4 13. Qe1 g5 14. Bg3 Re8 15. Kh1 Nxe4 16. Nxe4 Rdxe4 17. Qd1 Ba6 18. Qh5 d5 19. Rfd1 Be2 20. f3 Bxd1 21. Rxd1 R4e6 22. h4 Bd6 23. Kh2 gxh4 24. Bxd6 Qxd6+ 25. Kg1 Re1+ 0-1

[Event "Foment Martinenc op-C 20th"]
[Site "Barcelona"]
[Date "2018.05.26"]
[Round "6"]
[White "Rodriguez Batuecas, Jordi"]
[Black "Gonzalez Falgas, Alberto"]
[Result "1-0"]
[WhiteElo "1811"]
[BlackElo "1699"]
[PlyCount "53"]
[EventDate "2018.04.21"]
[EventType "swiss"]
[EventRounds "9"]
[EventCountry "ESP"]
[SourceTitle "CBM 184 Extra"]
[Source "ChessBase"]
[SourceDate "2018.06.28"]
[SourceVersion "1"]
[SourceVersionDate "2018.06.28"]
[SourceQuality "1"]

1. e4 e5 2. Nf3 Nc6 3. Bb5 d6 4. d4 exd4 5. Nxd4 Bd7 6. Bxc6 bxc6 7. 0-0 Be7 8. Nc3 Nf6 9. Qf3 0-0 10. Re1 Ng4 11. h3 Ne5 12. Qe2 Bg5 13. Nf3 Nxf3+ 14. Qxf3 f5 15. e5 Re8 16. Bxg5 Qxg5 17. e6 Rxe6 18. Rxe6 Bxe6 19. Qxc6 Qd8 20. Re1 Bd7 21. Qc4+ Kf8 22. Nd5 c5 23. Qf4 Bc8 24. g4 g6 25. Qh6+ Kg8 26. Ne7+ Kf7 27. Qxh7+ 1-0

[Event "Foment Martinenc op-C 19st"]
[Site "Barcelona"]
[Date "2017.06.17"]
[Round "9.17"]
[White "Gonzalez Falgas, Alberto"]
[Black "Vazquez Cortes, Carlos"]
[Result "0-1"]
[WhiteElo "1692"]
[BlackElo "1833"]
[PlyCount "28"]
[EventDate "2017.04.22"]
[EventType "swiss"]
[EventRounds "9"]
[EventCountry "ESP"]
[SourceTitle "EXT 2024"]
[Source "ChessBase"]
[SourceDate "2023.10.10"]
[SourceVersion "1"]
[SourceVersionDate "2023.10.10"]
[SourceQuality "1"]

1. e4 e6 2. d4 d5 3. e5 c5 4. Nf3 Nc6 5. Be2 cxd4 6. Nxd4 Nxe5 7. c3 Bd7 8. Qb3 b6 9. Bb5 Bc5 10. Bf4 Bxd4 11. cxd4 Nc6 12. 0-0 Nxd4 13. Bxd7+ Qxd7 14. Qc3 Ne2+ 0-1

[Event "Foment Martinenc op-C 19st"]
[Site "Barcelona"]
[Date "2017.05.06"]
[Round "3.11"]
[White "Gonzalez Falgas, Alberto"]
[Black "Castro Casal, Francisco Javier"]
[Result "1/2-1/2"]
[WhiteElo "1692"]
[BlackElo "1731"]
[PlyCount "78"]
[EventDate "2017.04.22"]
[EventType "swiss"]
[EventRounds "9"]
[EventCountry "ESP"]
[SourceTitle "EXT 2024"]
[Source "ChessBase"]
[SourceDate "2023.10.10"]
[SourceVersion "1"]
[SourceVersionDate "2023.10.10"]
[SourceQuality "1"]

1. e4 c5 2. Nf3 Nc6 3. d4 cxd4 4. Nxd4 g6 5. Nc3 Bg7 6. Be3 Nf6 7. f4 d6 8. Be2 0-0 9. 0-0 e5 10. fxe5 Nxe5 11. Bg5 a6 12. Nd5 Ned7 13. Bg4 h6 14. Bxf6 Nxf6 15. Nxf6+ Bxf6 16. Bxc8 Rxc8 17. c3 Bg7 18. Kh1 Qb6 19. Nb3 Rc4 20. Qd3 Rc7 21. Rad1 Rd7 22. Qc2 Re8 23. Rfe1 Rde7 24. Nd4 d5 25. Kg1 Rxe4 26. Rxe4 Rxe4 27. Qb3 Bxd4+ 28. Rxd4 Qxb3 29. axb3 Rxd4 30. cxd4 Kg7 31. g4 f5 32. gxf5 gxf5 33. Kf2 Kf6 34. Kf3 Kg5 35. Kg3 h5 36. h4+ Kf6 37. Kf4 a5 38. Kf3 b5 39. Kf4 Ke6 1/2-1/2

[Event "Foment Martinenc op-C 17th"]
[Site "Barcelona"]
[Date "2015.06.13"]
[Round "8"]
[White "Martinez Lopez, Ramon"]
[Black "Gonzalez Falgas, Alberto"]
[Result "1-0"]
[WhiteElo "1765"]
[BlackElo "1684"]
[PlyCount "103"]
[EventDate "2015.04.25"]
[EventType "swiss"]
[EventRounds "9"]
[EventCountry "ESP"]
[SourceTitle "EXT 2017"]
[Source "ChessBase"]
[SourceDate "2016.10.25"]
[SourceVersion "1"]
[SourceVersionDate "2016.10.25"]
[SourceQuality "1"]

1. e4 e5 2. Nf3 Nc6 3. Bc4 Nf6 4. Ng5 d5 5. exd5 Nxd5 6. Nxf7 Kxf7 7. Qf3+ Qf6 8. Bxd5+ Be6 9. Bxe6+ Kxe6 10. Qxf6+ gxf6 11. Nc3 Nd4 12. Kd1 c6 13. d3 Rg8 14. Rg1 Bc5 15. Be3 Rg6 16. Na4 b6 17. c3 Nb5 18. Bxc5 bxc5 19. Nxc5+ Kd6 20. Ne4+ Ke7 21. Ke2 Rag8 22. Kf3 f5 23. Nd2 Nd6 24. Rae1 Kf6 25. g3 h5 26. Nb3 h4 27. Nc5 Rg4 28. Nd7+ Ke6 29. Nxe5 R4g7 30. Nxc6+ Kf6 31. Nd4 Nf7 32. Re6+ Kg5 33. gxh4+ Kxh4 34. Nxf5+ Kh5 35. Rxg7 Ng5+ 36. Rxg5+ Kxg5 37. h4+ Kxf5 38. Re7 a5 39. Ra7 Rh8 40. Rxa5+ Ke6 41. Kg4 Kd6 42. Rb5 Rd8 43. Rb4 Rg8+ 44. Kh3 Re8 45. a4 Re2 46. Kg3 Rd2 47. d4 Rd3+ 48. f3 Kc6 49. a5 Rd1 50. Ra4 Rb1 51. a6 Rxb2 52. a7 1-0